000 00701nam a2200169 i 4500
001 156598
003 ES-MaACL
005 20230906210443.0
008 021213s1888 fr f |||| | fre d
040 _aCCPB | B
_bspa
_cCCPB | B
100 1 _aKilian, W.
_968029
245 1 0 _aSur quelques fossiles du crétacé inférieur de la Provence /
_cpar W. Kilian.
260 _aLagny :
_b[s.n.],
_c1888 (
_fÉmile Colin, imprimerie)
300 _aP. 663-691, [5] h. de grab., [1] h. de lám. pleg. ;
_c24 cm.
650 4 _aFósiles-
_zFrancia.
_9136153
852 _aES-MaACL
_jT-903-F-5
_z-- Enc. hol., conservando la cub. original
_z-- Legado de Federico de Botella y de Hornos
_z-- Enc. en un vol. facticio
999 _c156598
_d156598